Основы научного прогнозирования в теплоэнергетике. Прогнозирование паротурбинных установок с адиабаческим фазообразованием: информационный бюллетень по проблеме: Перевод теплоэнергетике на адиабатическое фазообразование; № 3

Bibliografski detalji
Glavni autor: Положий С. В.
Autor kompanije: Томский политехнический институт (ТПИ)
Jezik:ruski
Izdano: Томск, 1969
Teme:
Format: Knjiga
KOHA link:https://koha.lib.tpu.ru/cgi-bin/koha/opac-detail.pl?biblionumber=134233

MARC

LEADER 00000nam0a2200000 4500
001 134233
005 20231031135615.0
035 |a (RuTPU)RU\TPU\book\145489 
090 |a 134233 
100 |a 20080326d1969 m y0rusy50 ca 
101 0 |a rus 
102 |a RU 
105 |a y z 000zy 
200 1 |a Основы научного прогнозирования в теплоэнергетике. Прогнозирование паротурбинных установок с адиабаческим фазообразованием  |e информационный бюллетень по проблеме: Перевод теплоэнергетике на адиабатическое фазообразование  |h № 3  |f С. В. Положий  |g Томский политехнический институт (ТПИ) 
210 |a Томск  |d 1969 
215 |a 42 с. 
610 1 |a теплоэнергетика 
610 1 |a бюллетени 
610 1 |a фазообразование 
610 1 |a паротурбинные установки 
610 1 |a адиабатическое фазообразование 
675 |a 621.165  |v 3 
675 |a 536  |v 3 
700 1 |a Положий  |b С. В. 
712 0 2 |a Томский политехнический институт (ТПИ)  |c (1944-1991)  |2 stltpush  |3 (RuTPU)RU\TPU\col\1123 
801 1 |a RU  |b 63413507  |c 20080326  |g PSBO 
801 2 |a RU  |b 63413507  |c 20090204  |g PSBO 
942 |c BK